Vista normal
Vista MARC
Entrada Materia (personas)
Número de registros utilizados en: 5
001 - CONTROL NUMBER
- control field: 38036
003 - CONTROL NUMBER IDENTIFIER
- control field: Co-BoUCM
005 - DATE AND TIME OF LATEST TRANSACTION
- control field: 20130522120912.0
008 - FIXED-LENGTH DATA ELEMENTS
- fixed length control field: 130522|| aca||aabn | a|a d
040 ## - CATALOGING SOURCE
- Original cataloging agency: Co-BoUCM
- Transcribing agency: Co-BoUCM
100 ## - HEADING--PERSONAL NAME
- Personal name: Viva, Domenico
- Dates associated with a name: 1648-1726
670 ## - SOURCE DATA FOUND
- Source citation: Work cat.: (Co-BoUCM)69727: Viva, Domenico 1648-1726, Cursus theologicus ad usum tyronum elucubratus, et in quotidianis praelectionibus, 1726